Poemas desolados (Record no. 8630)

MARC details
000 -LEADER
campo de control de longitud fija 01025nam a2200265 i 4500
001 - NÚMERO DE CONTROL
campo de control 8630
003 - IDENTIFICADOR DE NÚMERO DE CONTROL
campo de control ES-MaACL
005 - FECHA Y HORA DE LA ÚLTIMA TRANSACCIÓN
campo de control 20250629081451.0
007 - CAMPO FIJO DE DESCRIPCIÓN FÍSICA--INFORMACIÓN GENERAL
campo de control de longitud fija t|
008 - DATOS DE LONGITUD FIJA--INFORMACIÓN GENERAL
campo de control de longitud fija 920817s1991 sp ||||1| spa d
020 ## - NÚMERO INTERNACIONAL ESTÁNDAR DEL LIBRO
Número Internacional Estándar del Libro 8460402886
080 ## - NÚMERO DE LA CLASIFICACIÓN DECIMAL UNIVERSAL
Número de la Clasificación Decimal Universal 86-14"19"
080 ## - NÚMERO DE LA CLASIFICACIÓN DECIMAL UNIVERSAL
Número de la Clasificación Decimal Universal 86(Mañas Rincón,J.7 P.01)
100 0# - ENTRADA PRINCIPAL--NOMBRE DE PERSONA
Nombre de persona Mañas Rincón, Jacinto,
Fechas asociadas al nombre 1933-
9 (RLIN) 76260
Término indicativo de función/relación Autor
245 10 - MENCIÓN DEL TÍTULO
Título Poemas desolados
Resto del título : episodio segundo /
Mención de responsabilidad, etc. Jacinto Mañas Rincón.
260 ## - PUBLICACIÓN, DISTRIBUCIÓN, ETC.
Lugar de publicación, distribución, etc. Madrid :
Nombre del editor, distribuidor, etc. [s.n.],
Fecha de publicación, distribución, etc. 1991.
300 ## - DESCRIPCIÓN FÍSICA
Extensión 47 páginas ;
Dimensiones 21 cm.
655 #7 - TERMINO DE INDIZACIÓN--GENERO/FORMA
Fuente del término tgfbne
9 (RLIN) 176539
Datos o término principal de género/forma Poesías
852 ## - LOCALIZACIÓN
Ubicación ES-MaACL
Número de control de estantería 2145-F-19
Sublocalización o colección R.119802
itemnumber 8881
Ubicación en estantería Depósito folletos
852 ## - LOCALIZACIÓN
Ubicación ES-MaACL
Número de control de estantería BUE-1483
itemnumber 203272
Ubicación en estantería Depósito 2
Anotaciones manuscritas Dedicatoria manuscrita del autor, Jacinto Mañas Rincón, para Antonio Buero Vallejo en hoja de guarda: "Desde Montoro. Un saludo de [firma] Montoro, 91".
Donativo/Legado Legado: Antonio Buero Vallejo
903 ## - NOMBRE PERSONAL DE DONANTE
9 32421
a Buero Vallejo, Antonio,
q 1
d 1916-2000
e Donante
942 ## - ELEMENTOS DE ENTRADA SECUNDARIOS (KOHA)
Fuente del sistema de clasificación o colocación Clasificación decimal universal
Tipo de ítem Koha Libro impreso
Suprimir en OPAC No
Holdings
Estatus retirado Estado de pérdida Estado de daño No para préstamo Colección Biblioteca de origen Biblioteca actual Ubicación en estantería Fecha de adquisición Fuente de adquisición Total de préstamos Signatura topográfica completa Código de barras Visto por última vez Precio de reemplazo Tipo de ítem Koha Fuente del sistema de clasificación o colocación Nota pública
        Colección de folletos Biblioteca del Ateneo de Madrid Biblioteca del Ateneo de Madrid Depósito folletos 17/01/2008     2145-F-19 1008815 23/02/2023 23/02/2023 Folleto    
        Libros con dedicatorias Biblioteca del Ateneo de Madrid Biblioteca del Ateneo de Madrid Depósito 2 10/06/2024 Legado   BUE-1483 101228309 10/06/2024   Libro impreso Clasificación decimal universal Dedicatoria manuscrita del autor, Jacinto Mañas Rincón, para Antonio Buero Vallejo.